LIBRARY ONLINE CATALOGUE

Principles of Microeconomics (Record no. 19308)

MARC details
000 -LEADER
fixed length control field 00415nam a22001577a 4500
008 - FIXED-LENGTH DATA ELEMENTS--GENERAL INFORMATION
fixed length control field 220513b |||||||| |||| 00| 0 eng d
020 ## - INTERNATIONAL STANDARD BOOK NUMBER
International Standard Book Number 0198062303
050 ## - LIBRARY OF CONGRESS CALL NUMBER
Classification number HB172
Item number .S25 2009
100 ## - MAIN ENTRY--PERSONAL NAME
Personal name Salvatore, Dominick
245 ## - TITLE STATEMENT
Title Principles of Microeconomics
Statement of responsibility, etc. Dominick Salvatore
250 ## - EDITION STATEMENT
Edition statement 5th ed.
260 ## - PUBLICATION, DISTRIBUTION, ETC. (IMPRINT)
Place of publication, distribution, etc. New Delhi
Name of publisher, distributor, etc. OUP
Date of publication, distribution, etc. 2009
300 ## - PHYSICAL DESCRIPTION
Extent xxxv, 633p.
650 ## - SUBJECT ADDED ENTRY--TOPICAL TERM
Topical term or geographic name as entry element Microeconomics
942 ## - ADDED ENTRY ELEMENTS (KOHA)
Source of classification or shelving scheme Library of Congress Classification
Koha item type General Collection
Holdings
Withdrawn status Lost status Source of classification or shelving scheme Not for loan Home library Current library Date acquired Total Checkouts Total Renewals Full call number Barcode Date last seen Date last checked out Price effective from Koha item type
    Library of Congress Classification   Kabarak, Main Campus Kabarak, Main Campus 13/05/2022 2 1 HB172 .S25 2009 c.1 031696 23/07/2025 23/06/2025 13/05/2022 General Collection
    Library of Congress Classification   Kabarak, Main Campus Kabarak, Main Campus 13/05/2022 2 1 HB172 .S25 2009 c.2 031697 10/12/2024 15/11/2024 13/05/2022 General Collection
    Library of Congress Classification   Kabarak, Nakuru City Campus Kabarak, Main Campus 13/05/2022 4   HB172 .S25 2009 c.1 031698 23/10/2025 09/10/2025 13/05/2022 General Collection